Personagens de O Incrível Mundo de Gumball - Statistics

Estatísticas Gerais
  • Esse quiz foi jogado 91 vezes
  • A pontuação média é 16 de 50
Estatísticas das Respostas
Personagem % Correto
Darwin
100%
Gumball
100%
Anais
95%
Ricardo
92%
Nicole
88%
Penny
79%
Tobias
64%
Alan
62%
João Banana
62%
Diretor Brown
58%
Tina
56%
Rob
53%
Carrie
48%
Larry
48%
Senhor Pequeno
44%
Lucy Símio
42%
Boberto
39%
Masami
35%
Sarah
35%
Leslie
33%
Hector
30%
Vovó Jojo
30%
Carmen
27%
Oito
27%
Senhor Robinson
26%
William
24%
Sussie
23%
Batata
18%
Clayton
18%
Molly
18%
Rocky
17%
Teri
17%
Treinadora Russo
17%
Daisy
9%
Jamie
9%
Louie
9%
Margaret Robinson
9%
Anton
8%
Joan
8%
Juke
8%
Policial Rosquinha
8%
Billy
6%
Cachorro Quente
5%
Felix
5%
Colin
3%
Gary
3%
Julius
3%
Marvin
3%
Polly
3%
Frankie
2%
Nenhum quiz correspondente encontrado
Distribuição das Pontuações
Porcentagem de Pessoas com Cada Pontuação
Percentil de Números Respondidos
Sua Pontuação Histórica
Você não jogou esse quiz